QUEST Central Library Banner

guinness world records 2018 (Record no. 57960)

MARC details
000 -LEADER
fixed length control field 00280nam a22001217a 4500
082 ## - DEWEY DECIMAL CLASSIFICATION NUMBER
Classification number 030GWR
100 ## - MAIN ENTRY--AUTHOR NAME
Personal name GWR
245 ## - TITLE STATEMENT
Title guinness world records 2018
260 ## - PUBLICATION, DISTRIBUTION, ETC. (IMPRINT)
Place of publication U.K
Name of publisher GWR
Year of publication 2017
300 ## - PHYSICAL DESCRIPTION
Number of Pages 255
650 ## - SUBJECT ADDED ENTRY--TOPICAL TERM
Topical Term Curiosities and wonders.
-- World records.
942 ## - ADDED ENTRY ELEMENTS (KOHA)
Koha item type Books
Holdings
Withdrawn status Lost status Home library Current library Date acquired Full call number Accession Number Koha item type
    Central Library, QUEST, Nawabshah Central Library, QUEST, Nawabshah 09/10/2017 030GWR 56596 Books
    Central Library, QUEST, Nawabshah Central Library, QUEST, Nawabshah 09/10/2017 030GWR 56597 Books

Copyright © 2018,The QUEST, Nawabshah, Shaheed Benazirabad. All rights reserved
Mr. G. Farooq Channar (Librarian) QUEST, Nawabshah, Sindh, Pakistan 67480.
 Ph#: |   0244-9370381-4 Ext. 2308   Email| lib@quest.edu.pk   Web|  http://www.quest.edu.pk